000 00719nam a2200289Ia 4500
005 20260324125326.0
008 008 260324s9999 xx 000 0 eng d
020 _a9781315610290
037 _aEBOOK
040 _aCRL
040 _beng
040 _cCRL
041 _2eng
041 _aeng
084 _qCRL
100 _aFranz von Benda-Beckmann; Keebet von Benda-Beckmann
_91000289
245 0 _aSpatializing Law
245 3 _bAn Anthropological Geography of Law in Society
260 _bTaylor and Francis
260 _c2009
365 _a
365 _b240
856 _uhttp://www.taylorfrancis.com/books/9781315610290
942 _cEBOOK
999 _c1772698
_d1772698